[Event "AUTO-ADV-4911"]
[Site "http://www.queenalice.com/game.php?id=1867616"]
[Date "2026.1.7"]
[Round "1"]
[White "carlitomontana93270"]
[Black "Capixaba789"]
[Result "0-1"]
[WhiteElo "1963"]
[BlackElo "1844"]

1. c4 Nf6 2. d3 e5 3. e3 Be7 4. g3 d6 5. Bg2 c5 6. Nf3 Nc6 7. O-O Be6 8. Nc3 O-O
9. a3 a6 10. Re1 Qc8 11. Ng5 Bg4 12. Qd2 Bh5 13. Nf3 Nd8 14. Rb1 Ne6 15. b4 cxb4
16. axb4 h6 17. Na4 Rb8 18. Nb6 Qd8 19. Na4 b5 20. Nb2 bxc4 21. dxc4 Ne4 22. Qd3
Bg6 23. Qb3 Nxf2 24. Ra1 Ne4 25. Rxa6 N4c5 26. Qa3 Nxa6 27. Qxa6 Rxb4 28. Nh4
Bxh4 29. gxh4 Qb8 30. Qa3 Rb3 31. Qa2 Nc5 32. e4 Qb6 33. Re2 Rb8 34. Rd2 Nxe4+
35. Kh1 Nxd2 36. Bxd2 Rxb2 0-1

[Event "AUTO-ADV-4911"]
[Site "http://www.queenalice.com/game.php?id=1867617"]
[Date "2026.1.7"]
[Round "1"]
[White "Capixaba789"]
[Black "carlitomontana93270"]
[Result "1-0"]
[WhiteElo "1865"]
[BlackElo "1952"]

1. d4 e6 2. e4 d6 3. c4 g6 4. Nf3 Bg7 5. Nc3 Nf6 6. Bd3 O-O 7. O-O Nc6 8. Ne2 a6
9. Ng3 Nb4 10. Be3 Nxd3 11. Qxd3 b6 12. Rab1 Bb7 13. b4 Re8 14. d5 exd5 15. exd5
Qd7 16. a3 Ng4 17. Rfe1 Nxe3 18. Rxe3 Rxe3 19. Qxe3 Re8 20. Qd3 Qa4 21. h3 Bc8
22. Re1 Rxe1+ 23. Nxe1 Qe8 24. Nc2 Be5 25. Nd4 Bd7 26. Nc6 Bxc6 27. dxc6 Qxc6
28. Qe4 Qd7 29. Qa8+ Kg7 30. Qxa6 Bxg3 31. fxg3 Qc6 32. Qb5 Qxb5 33. cxb5 Kf8
34. Kf2 Ke7 35. Ke3 Kd7 36. Kd4 c6 37. bxc6+ Kxc6 38. a4 f6 39. g4 h6 40. g3 g5
41. h4 1-0

[Event "AUTO-ADV-4914"]
[Site "http://www.queenalice.com/game.php?id=1868238"]
[Date "2026.1.21"]
[Round "1"]
[White "carlitomontana93270"]
[Black "maurice916"]
[Result "0-1"]
[WhiteElo "1918"]
[BlackElo "1816"]

1. c4 c6 2. Nc3 Nf6 3. d3 d5 4. cxd5 cxd5 5. e3 Nc6 6. g3 e5 7. Bg2 Be6 8. Nf3
a6 9. O-O Bd6 10. Ng5 O-O 11. Nxe6 fxe6 12. Bh3 Re8 13. a3 Kh8 14. b4 d4 15. Ne2
Bc7 16. Qb3 Qd5 17. Qxd5 exd5 18. Bb2 dxe3 19. fxe3 Rad8 20. Rac1 Bb6 21. Kf2
Rf8 22. d4 Ng4+ 23. Kg1 Rxf1+ 24. Rxf1 Nxe3 25. Rf7 Rb8 26. dxe5 Nd1+ 27. Kg2
Nxb2 28. Nf4 Nxe5 29. Ne6 Ng6 30. Rxg7 Nc4 31. a4 Be3 32. Rd7 d4 33. Bf5 Nce5
34. h4 h5 35. Rc7 d3 36. Kf1 d2 37. Ke2 Bh6 38. Bc2 Re8 39. Nc5 Nc4+ 40. Kd1
Ne3+ 41. Kxd2 Nd5+ 0-1

[Event "AUTO-ADV-4914"]
[Site "http://www.queenalice.com/game.php?id=1868239"]
[Date "2026.1.21"]
[Round "1"]
[White "maurice916"]
[Black "carlitomontana93270"]
[Result "1-0"]
[WhiteElo "1837"]
[BlackElo "1964"]

1. Nf3 c5 2. b3 d6 3. Bb2 e6 4. e3 g6 5. Bxh8 Nf6 6. d4 cxd4 7. Nxd4 Be7 8. Bd3
a6 9. O-O Kd7 10. Bxf6 Bxf6 11. Qg4 Nc6 12. c3 h5 13. Qh3 Ke8 14. Qf3 Ne5 15.
Qe2 b5 16. Be4 d5 17. Bc2 Bd7 18. Rd1 Qc7 19. f4 Nc6 20. Bd3 Ne7 21. Rc1 e5 22.
fxe5 Bxe5 23. g3 Bh3 24. Nd2 Bxg3 25. Nxb5 Qe5 26. Nd4 Bh4 27. N4f3 Qf6 28. Nxh4
Qxh4 29. Qf2 Qg5+ 30. Kh1 d4 31. exd4 Qd5+ 32. Be4 Qd8 33. Bxa8 Qxa8+ 34. Qf3
1-0

[Event "AUTO-ADV-4914"]
[Site "http://www.queenalice.com/game.php?id=1868240"]
[Date "2026.1.21"]
[Round "1"]
[White "carlitomontana93270"]
[Black "Rasumichin"]
[Result "1-0"]
[WhiteElo "1869"]
[BlackElo "1612"]

1. c4 e5 2. d3 Nc6 3. e3 f5 4. g3 Bb4+ 5. Bd2 d5 6. cxd5 Qxd5 7. Qf3 Qxf3 8.
Nxf3 Bxd2+ 9. Nfxd2 Be6 10. Bg2 Nge7 11. O-O g5 12. Nc3 a6 13. b3 b5 14. Rad1 h5
15. Nf3 Rg8 16. Nxe5 Rd8 17. Nxc6 Nxc6 18. Bxc6+ Ke7 19. Rd2 Rd6 20. Bf3 g4 21.
Bb7 Rb8 22. Bg2 b4 23. Ne2 a5 24. Rc1 c6 25. Nf4 Kf6 26. Nxh5+ Ke7 27. Rxc6 Rxc6
28. Bxc6 Kd6 29. Nf4 Bd7 30. Bxd7 Kxd7 31. Rc2 Rb5 32. d4 Kd6 33. h3 Rb7 34.
hxg4 fxg4 35. Rc5 Ra7 36. Nd3 Ra6 37. Rg5 Ra7 38. Rxg4 Kd5 39. Nc5 Rc7 40. f4
Kd6 41. Rg5 Rc8 42. e4 Re8 43. Re5 Rg8 44. Nb7+ Kc6 45. Nxa5+ Kb6 46. Kg2 Ra8
47. f5 Rf8 48. Nc4+ Kc6 49. g4 Rg8 50. Ne3 Ra8 51. Rc5+ Kd6 52. Rc2 Re8 53. Kf3
Rh8 54. Kf4 Rh3 55. e5+ 1-0

[Event "AUTO-ADV-4914"]
[Site "http://www.queenalice.com/game.php?id=1868241"]
[Date "2026.1.21"]
[Round "1"]
[White "Rasumichin"]
[Black "carlitomontana93270"]
[Result "0-1"]
[WhiteElo "1647"]
[BlackElo "1866"]

1. e4 c5 2. Nf3 d6 3. c4 g6 4. d4 cxd4 5. Qxd4 e5 6. Qd5 Nf6 7. Qb5+ Nc6 8. a3
Bg7 9. Bd3 O-O 10. O-O a6 11. Qb3 Rb8 12. Qc3 Bg4 13. Be2 Bxf3 14. Bxf3 Nd4 15.
Rd1 Qc7 16. Nd2 Nxf3+ 17. Nxf3 Nxe4 18. Qe3 Nf6 19. Bd2 Qxc4 20. Rac1 Qe6 21.
Ng5 Qd7 22. Bb4 Rfd8 23. Bxd6 Rbc8 24. Bxe5 Rxc1 25. g3 Rxd1+ 26. Kg2 Qd5+ 27.
Kh3 Qd7+ 28. Kg2 Ng4 29. Qf4 Bxe5 30. Qf3 Qd5 31. h3 Qxf3+ 32. Nxf3 Bxg3 33.
Kxg3 Nf6 34. Ng5 Rb1 35. b4 Rd3+ 36. f3 Rxa3 37. h4 Rxb4 38. Nh3 Rbb3 39. Ng5 h6
40. Nh3 Rxf3+ 41. Kh2 Rxh3+ 42. Kg2 Rhb3 43. Kf2 Rb2+ 0-1

[Event "AUTO-ADV-4914"]
[Site "http://www.queenalice.com/game.php?id=1868242"]
[Date "2026.1.21"]
[Round "1"]
[White "carlitomontana93270"]
[Black "EdsonEstevam"]
[Result "1-0"]
[WhiteElo "1958"]
[BlackElo "1702"]

1. c4 e5 2. d3 c6 3. g3 d5 4. cxd5 cxd5 5. Bg2 Nf6 6. Nf3 Nc6 7. O-O Bg4 8. Nbd2
Bc5 9. a3 O-O 10. h3 Bf5 11. Nb3 b5 12. Nxc5 Qc8 13. Nb3 a5 14. Bg5 Qd8 15. Bd2
h6 16. Rc1 Re8 17. Rxc6 e4 18. Nh4 Bd7 19. Rc3 b4 20. axb4 axb4 21. Rc1 Ba4 22.
Nf5 Re5 23. Nfd4 Bxb3 24. Qxb3 exd3 25. Qxd3 Ra2 26. Nc6 1-0

[Event "AUTO-ADV-4914"]
[Site "http://www.queenalice.com/game.php?id=1868243"]
[Date "2026.1.21"]
[Round "1"]
[White "EdsonEstevam"]
[Black "carlitomontana93270"]
[Result "1-0"]
[WhiteElo "1708"]
[BlackElo "1943"]

1. e4 c5 2. c3 d6 3. d4 cxd4 4. cxd4 g6 5. Nc3 Bg7 6. Nf3 Nf6 7. Bg5 Nbd7 8. Bb5
O-O 9. O-O h6 10. Bxf6 Nxf6 11. h3 a6 12. Bd3 b5 13. e5 dxe5 14. dxe5 Nd7 15.
Re1 Qc7 16. Nd5 Qd8 17. Rc1 Nb6 18. Be4 Nxd5 19. Bxd5 Ra7 20. Re2 Rd7 21. Rd2 e6
22. Bc6 Rxd2 23. Qxd2 Qe7 24. a3 Rd8 25. Qa5 Bb7 26. Bxb7 Qxb7 27. Qxd8+ Kh7 28.
Rc8 g5 29. Qd3+ 1-0

[Event "AUTO-ADV-4916"]
[Site "http://www.queenalice.com/game.php?id=1868705"]
[Date "2026.1.31"]
[Round "1"]
[White "marcoswerneck"]
[Black "carlitomontana93270"]
[Result "0-1"]
[WhiteElo "1892"]
[BlackElo "1845"]

1. e4 c5 2. d3 d6 3. h3 g6 4. Nf3 Bg7 5. Be2 Nf6 6. Nc3 O-O 7. Be3 Nc6 8. a3 Re8
9. Qd2 Bd7 10. Bh6 Qc7 11. Bxg7 Kxg7 12. g4 Qc8 13. Nd5 Nxd5 14. exd5 Nd8 15. g5
Bxh3 16. Ng1 Bg4 17. Bxg4 Qxg4 18. Ne2 e6 19. O-O-O exd5 20. Rdg1 Qxe2 21. Qf4
Qe6 22. b3 Nc6 23. Qh4 Rh8 24. f4 Nd4 25. Kb2 Qe2 26. Rc1 Nf3 27. Qh6+ Kg8 28.
f5 Qe5+ 29. Ka2 Qxf5 30. Rcf1 Re8 31. Rh3 Re3 32. Rg3 Re2 33. Kb2 Qe5+ 0-1

[Event "AUTO-ADV-4916"]
[Site "http://www.queenalice.com/game.php?id=1868706"]
[Date "2026.1.31"]
[Round "1"]
[White "carlitomontana93270"]
[Black "marcoswerneck"]
[Result "1-0"]
[WhiteElo "1863"]
[BlackElo "1856"]

1. c4 e5 2. d3 h6 3. g3 d6 4. Bg2 Nf6 5. Nf3 Nc6 6. O-O Be6 7. Nc3 Qd7 8. Re1
Be7 9. Bd2 g5 10. h3 O-O-O 11. Kh2 g4 12. hxg4 Nxg4+ 13. Kg1 h5 14. Bg5 Bxg5 15.
Nxg5 h4 16. Nxe6 fxe6 17. e4 h3 18. Qxg4 hxg2 19. Kxg2 Nd4 20. Rac1 Rdg8 21. Qd1
Qf7 22. Rh1 Rxh1 23. Qxh1 Qf3+ 24. Kg1 a6 25. Qxf3 Nxf3+ 26. Kg2 Nh4+ 27. Kf1 c5
28. gxh4 Rh8 29. Ke2 Rxh4 30. Rg1 Rh6 31. Rg7 Kb8 32. Rd7 d5 33. cxd5 exd5 34.
Nxd5 b5 35. Rc7 c4 36. dxc4 1-0

[Event "AUTO-ADV-4916"]
[Site "http://www.queenalice.com/game.php?id=1868717"]
[Date "2026.1.31"]
[Round "1"]
[White "chessman"]
[Black "carlitomontana93270"]
[Result "1-0"]
[WhiteElo "1998"]
[BlackElo "1913"]

1. e4 c5 2. Nf3 d6 3. Be2 g6 4. Bb5+ Bd7 5. Bxd7+ Nxd7 6. c3 Bg7 7. O-O Ngf6 8.
Re1 O-O 9. Qe2 Qc7 10. d4 cxd4 11. cxd4 Rac8 12. Nc3 Rfe8 13. e5 dxe5 14. dxe5
Nh5 15. e6 fxe6 16. Qxe6+ Kh8 17. Ng5 h6 18. Qxg6 Ndf6 19. Nf7+ Kg8 20. Nxh6+
Kh8 21. Nd5 Qa5 22. Nf7+ Kg8 23. Nh6+ Kh8 24. Nf7+ Kg8 25. Nxf6+ Nxf6 26. Bh6
Nh5 27. Ng5 1-0

[Event "AUTO-ADV-4916"]
[Site "http://www.queenalice.com/game.php?id=1868718"]
[Date "2026.1.31"]
[Round "1"]
[White "carlitomontana93270"]
[Black "chessman"]
[Result "0-1"]
[WhiteElo "1900"]
[BlackElo "2021"]

1. c4 c6 2. d3 d5 3. cxd5 cxd5 4. e3 e5 5. g3 Nf6 6. Bg2 Be7 7. Nf3 O-O 8. O-O
Nc6 9. Nc3 Bd7 10. d4 exd4 11. exd4 Qb6 12. b3 Bb4 13. Na4 Qd8 14. Bg5 b5 15.
Nc5 Bxc5 16. dxc5 Be6 17. Bxf6 Qxf6 18. Re1 a5 19. Qe2 b4 20. Qb5 Bd7 21. Qd3
Be6 22. Re2 Qxa1+ 23. Bf1 Qf6 24. Qb5 Qxf3 25. Qxc6 Bh3 26. Re3 Qd1 27. Qb5
Qxf1+ 28. Qxf1 Bxf1 29. Kxf1 Rac8 0-1

[Event "AUTO-ADV-4916"]
[Site "http://www.queenalice.com/game.php?id=1868725"]
[Date "2026.1.31"]
[Round "1"]
[White "carlitomontana93270"]
[Black "game"]
[Result "0-1"]
[WhiteElo "1889"]
[BlackElo "1679"]

1. c4 d6 2. d3 e5 3. e3 Nf6 4. g3 d5 5. cxd5 Qxd5 6. Nf3 Ng4 7. Bg2 Be7 8. O-O
Qb5 9. Nc3 Qc6 10. Bd2 O-O 11. h3 Nf6 12. Rc1 Rd8 13. Nxe5 Qe6 14. d4 c6 15. Ne4
Qxa2 16. b3 Qa6 17. Nxf6+ Bxf6 18. Nc4 b5 19. Nb2 Qb6 20. Qf3 Bb7 21. Qe2 a5 22.
Rc2 Nd7 23. Rfc1 Ba6 24. Qf3 Bb7 25. Qe2 Re8 26. Bxc6 Bxc6 27. Rxc6 Qb7 28. Rc7
Qd5 29. Qg4 Ne5 30. dxe5 Qxe5 31. Nd3 Qd6 32. Qe2 a4 33. Bb4 Qb6 34. R7c6 Qb7
35. bxa4 bxa4 36. Qg4 Re6 37. Rxe6 fxe6 38. Qxe6+ Kh8 39. Rb1 h6 40. Qf5 Rd8 41.
Bc3 Qxb1+ 42. Kg2 Bxc3 43. Nf4 Qxf5 0-1

[Event "AUTO-ADV-4916"]
[Site "http://www.queenalice.com/game.php?id=1868726"]
[Date "2026.1.31"]
[Round "1"]
[White "game"]
[Black "carlitomontana93270"]
[Result "0-1"]
[WhiteElo "1639"]
[BlackElo "1898"]

1. e4 c5 2. Bc4 e6 3. d3 g6 4. e5 Bg7 5. Nf3 Ne7 6. Ng5 O-O 7. Qf3 h6 8. Ne4 a6
9. Nxc5 b5 10. Qxa8 bxc4 11. Qxb8 Nc6 12. Qd6 Bxe5 13. Nxe6 Bxd6 14. Nxd8 Nxd8
15. Bxh6 Re8+ 16. Be3 cxd3 17. cxd3 Bb7 18. O-O Nc6 19. Nc3 Nb4 20. d4 Nc2 21.
Rad1 Nxe3 22. fxe3 Rxe3 23. Rde1 Rd3 24. Re8+ Kg7 25. Rd8 Rd2 26. Rxd7 Rxg2+ 27.
Kh1 Rxb2+ 28. Kg1 Bxh2# 0-1

[Event "AUTO-ADV-4907"]
[Site "http://www.queenalice.com/game.php?id=1870009"]
[Date "2026.3.1"]
[Round "2"]
[White "mvson33"]
[Black "carlitomontana93270"]
[Result "0-1"]
[WhiteElo "1859"]
[BlackElo "1850"]

1. e4 c5 2. Nf3 d6 3. Bc4 e6 4. O-O Nf6 5. a3 g6 6. Nc3 Bg7 7. d3 O-O 8. Bg5 h6
9. Bh4 Qb6 10. Bb3 Nc6 11. Rb1 Na5 12. Ba2 Bd7 13. Bg3 Nh5 14. Qd2 Kh7 15. Na4
Bxa4 16. Rbc1 Qxb2 0-1

[Event "AUTO-ADV-4907"]
[Site "http://www.queenalice.com/game.php?id=1870010"]
[Date "2026.3.1"]
[Round "2"]
[White "carlitomontana93270"]
[Black "mvson33"]
[Result "1-0"]
[WhiteElo "1855"]
[BlackElo "1798"]

1. c4 Nf6 2. d3 e5 3. g3 Bc5 4. e3 O-O 5. Bg2 Nc6 6. Nf3 a6 7. O-O d6 8. Nc3 Bg4
9. h3 Bh5 10. Qc2 Qd7 11. Kh2 Rad8 12. a3 Bg6 13. Qd2 Ba7 14. b3 Na5 15. Qd1 Nc6
16. Nh4 Ne7 17. Bxb7 a5 18. Nxg6 fxg6 19. b4 Rb8 20. Bg2 Rb7 21. Bxb7 axb4 22.
axb4 Bb6 23. Nd5 Nexd5 24. Bxd5+ Nxd5 25. cxd5 Qf7 26. Qe2 Qxd5 27. e4 Qe6 28.
Be3 Qf7 29. Bxb6 cxb6 30. Kg2 Qb3 31. Rab1 Qf7 32. Qe3 Qb7 33. d4 exd4 34. Qxd4
Qb8 35. Rfd1 Rd8 36. Rd2 Qc7 37. Rbd1 Qd7 38. Qxd6 Qxd6 39. Rxd6 Rxd6 40. Rxd6
1-0

[Event "AUTO-ADV-4907"]
[Site "http://www.queenalice.com/game.php?id=1870013"]
[Date "2026.3.1"]
[Round "2"]
[White "carlitomontana93270"]
[Black "Pin"]
[Result "0-1"]
[WhiteElo "1873"]
[BlackElo "2141"]

1. c4 c5 2. d3 g6 3. g3 Bg7 4. Bg2 Nf6 5. Nf3 O-O 6. O-O Nc6 7. Nc3 a6 8. Be3 d6
9. Nd2 Bd7 10. Rb1 Ng4 11. Nd5 e6 12. Nc3 Nxe3 13. fxe3 Qg5 14. e4 Qe3+ 15. Kh1
Nd4 16. Rg1 Rab8 17. Nf1 Qh6 18. e3 Nc6 19. d4 cxd4 20. exd4 Bxd4 21. Ne2 Bxg1
22. Kxg1 Ne5 23. Qxd6 Qg7 24. Ne3 Rfd8 25. Qd1 Bc6 26. Qf1 Nd3 27. Nc1 Nxc1 28.
Rxc1 Qxb2 29. Rc2 Qd4 30. Qe2 Bxe4 0-1

[Event "AUTO-ADV-4906"]
[Site "http://www.queenalice.com/game.php?id=1870399"]
[Date "2026.3.12"]
[Round "2"]
[White "carlitomontana93270"]
[Black "pomar"]
[Result "0-1"]
[WhiteElo "1864"]
[BlackElo "1949"]

1. c4 e6 2. d3 c5 3. e3 Nc6 4. g3 h5 5. Bg2 Nf6 6. Nf3 d5 7. cxd5 exd5 8. O-O
Bg4 9. h3 Bxf3 10. Qxf3 Nb4 11. Qe2 Bd6 12. a3 Nc6 13. Nc3 O-O 14. Nxd5 Nxd5 15.
Bxd5 g6 16. e4 Nd4 17. Qd1 Qc7 18. Be3 Bxg3 19. Bh6 Bh2+ 20. Kh1 Rfe8 21. Be3
Re5 22. f4 Rxd5 23. exd5 Nf5 24. Qe2 Ng3+ 25. Kxh2 Nxe2 26. Rf2 Nd4 27. Rg1 Qd6
28. Bxd4 cxd4 29. Re1 Qxd5 0-1

[Event "AUTO-ADV-4906"]
[Site "http://www.queenalice.com/game.php?id=1870400"]
[Date "2026.3.12"]
[Round "2"]
[White "pomar"]
[Black "carlitomontana93270"]
[Result "1-0"]
[WhiteElo "1976"]
[BlackElo "1867"]

1. f3 c5 2. Kf2 d6 3. e3 g6 4. c4 Bg7 5. Nc3 Nf6 6. Nge2 O-O 7. d4 cxd4 8. exd4
Bf5 9. Ng3 Bd7 10. Nce4 Nxe4+ 11. Nxe4 Nc6 12. d5 Qb6+ 13. Ke1 f5 14. dxc6 bxc6
15. c5 Qb4+ 16. Qd2 Qb7 17. cxd6 fxe4 18. dxe7 Rfe8 19. Bc4+ Kh8 20. Qd6 Qb8 21.
Qc5 Bxb2 22. Bxb2+ Qxb2 23. Rd1 Qc3+ 24. Kf2 Qb2+ 25. Kg3 Qb8+ 26. f4 h5 27.
Rxd7 Qc8 28. Rhd1 Kh7 29. Bf7 Qa6 30. Bxe8 Qe2 31. Bxg6+ Kh6 32. Qg5+ 1-0

[Event "AUTO-ADV-4906"]
[Site "http://www.queenalice.com/game.php?id=1870401"]
[Date "2026.3.12"]
[Round "2"]
[White "carlitomontana93270"]
[Black "Pin"]
[Result "0-1"]
[WhiteElo "1869"]
[BlackElo "2151"]

1. c4 c5 2. d3 Nc6 3. g3 Nf6 4. Bg2 e6 5. Nf3 Be7 6. O-O d6 7. Nc3 O-O 8. Bd2
Bd7 9. Rb1 Re8 10. a3 Bf8 11. b4 cxb4 12. axb4 a6 13. Bg5 Be7 14. b5 axb5 15.
Rxb5 Qc8 16. Qb3 Na5 17. Qb4 Bxb5 18. Nxb5 d5 19. Qb1 dxc4 20. dxc4 Qxc4 21. e3
Nd5 22. Na3 Qc7 23. Bxe7 Qxe7 24. Nb5 h6 25. Ne5 Nc6 26. Nd3 Nc7 27. Nc3 Rab8
28. Ne4 Nd5 29. Ndc5 b6 30. Nd3 Rec8 31. Rd1 f5 32. Nd2 Nc3 0-1

[Event "AUTO-ADV-4906"]
[Site "http://www.queenalice.com/game.php?id=1870402"]
[Date "2026.3.12"]
[Round "2"]
[White "Pin"]
[Black "carlitomontana93270"]
[Result "1-0"]
[WhiteElo "2154"]
[BlackElo "1875"]

1. e4 c5 2. Nf3 d6 3. d4 cxd4 4. Qxd4 Nc6 5. Bb5 Bd7 6. Bxc6 bxc6 7. c4 Nf6 8.
Nc3 g6 9. Bg5 Bg7 10. Qd3 O-O 11. O-O Rb8 12. Rab1 h6 13. Be3 Ng4 14. Bxa7 Ra8
15. Bd4 e5 16. Be3 Nxe3 17. Qxe3 Be6 18. b3 Re8 19. Rfd1 Qc7 20. Na4 Red8 21.
Rd2 Bg4 22. Rbd1 Rab8 23. h3 Be6 24. Rd3 Rd7 25. c5 d5 26. exd5 cxd5 27. Nb6 d4
28. Qc1 Rdd8 29. Nd2 Bf8 30. b4 Bf5 31. Ra3 e4 32. Ndc4 d3 33. Qe3 Kh7 34. g4
Be6 35. Qxe4 Bxc4 36. Nxc4 Rxb4 37. Raxd3 Rxd3 38. Qxd3 Bxc5 39. Ne3 Qf4 40. Rf1
Bxe3 41. Qxe3 Qxe3 42. fxe3 Ra4 43. Rxf7+ Kg8 44. Rf2 Ra3 45. Re2 Kf7 46. Kg2
Kf6 47. Kf3 Ke5 48. h4 g5 49. hxg5 hxg5 50. Rb2 Ra4 51. Rb5+ Kf6 52. Rb6+ Kg7
53. Re6 Rxa2 54. Ke4 Ra5 55. Re5 1-0

[Event "AUTO-ADV-4934"]
[Site "http://www.queenalice.com/game.php?id=1872847"]
[Date "2026.5.3"]
[Round "1"]
[White "Fauquinelle"]
[Black "carlitomontana93270"]
[Result "0-1"]
[WhiteElo "2085"]
[BlackElo "1870"]

1. e4 c5 2. Nf3 d6 3. d4 cxd4 4. Nxd4 Nc6 5. Nc3 e5 6. Nb3 Nf6 7. Nd5 Nxe4 8. h4
Ne7 9. Bc4 Nxd5 10. Bxd5 Nf6 11. Bg5 Be7 12. Qd3 O-O 13. f3 Nxd5 14. Qxd5 Qb6
15. Bxe7 Be6 16. Qxd6 Qe3+ 17. Kf1 Bc4+ 0-1